000 00826nmc a2200301 a 4500
003 AR-BaBNM
005 20251128210242.0
008 189019s1988 ||||||||||||||000 | spa||
020 _a950-503-166-1
040 _cAR-BaBNM
100 1 _aDanna, Ives Lys
245 1 0 _aEl aprendizaje del número. La computadora
260 _aBuenos Aires
_bMarymar
_c1988
300 _a275 p.
_bil.
490 0 _aEl maestro en su acción cotidiana. Fundamentación psicopedagógica
650 4 _aENSENANZA DE LAS MATEMATICAS
650 4 _aCONCEPTOS MATEMATICOS
650 4 _aARITMETICA
650 4 _aNUMEROS
650 4 _aCALCULO
650 4 _aESPACIO
650 4 _aTECNICAS INFORMATICAS
650 4 _aCOMPUTADORAS
800 1 _aRatto, Jorge E.
_edirector
800 1 _aGabba, Pablo J.
942 _cBK
998 _cRaquel
999 _c14656
_d14656